Personnages de Warcraft III - Statistiques

Statistiques générales
  • Ce quiz a été pris 88 fois
  • Le résultat moyen est 18 sur 60
Statistiques - réponses
Race Personnage % Correct
Humain Arthas Menethil
97%
Humain Jaina Portvaillant
87%
Orc Thrall
87%
Humain Uther
82%
Elfe de la nuit Illidan Hurlorage
81%
Elfe de la nuit Malfurion Hurlorage
79%
Elfe de la nuit Tyrande Murmurevent
78%
Elfe Sylvanas Coursevent
71%
Humain Muradin Barbe-de-Bronze
69%
Mort-Vivant Archimonde
63%
Elfe Kael'Thas Haut-Soleil
60%
Elfe de la nuit Maiev Chantelombre
57%
Naga Dame Vashj
56%
Mort-Vivant Mal'ganis
51%
Humain Medhiv
51%
Orc Grommash Hurlenfer
49%
Humain Antonidas
47%
Orc Cairne Sabot de Sang
47%
Mort-Vivant Anub'Arak
46%
Orc Rexxar
46%
Mort-Vivant Kil'jaeden
41%
Mort-Vivant Tichondrius
38%
Draenei Akama
37%
Orc Gul'Dan
37%
Elfe de la nuit Cenarius
35%
Mort-Vivant Mannoroth
32%
Humain Terenas Menethil
31%
Mort-Vivant Varimathras
28%
Humain Seigneur Garithos
24%
Elfe de la nuit Shandris
24%
Mort-Vivant Ner'zhul
22%
Mort-Vivant Balnazzar
21%
Mort-Vivant Magtheridon
19%
Orc Samuro
18%
Orc Sen'jin
15%
Humain Amiral Portvaillant
13%
Mort-Vivant Detheroc
13%
Orc Rokhan
13%
Dragon Saphiron
13%
Elfe de la nuit Naisha
12%
Monstre Misha
9%
Mort-Vivant Kel'Thusad
7%
Humain Baelgun Flammebarbe
6%
Mort-Vivant Dalvengyr
4%
Mort-Vivant Anetheron
3%
Elfe de la nuit Califax
3%
Mort-Vivant Festin de sang
3%
Gnoll Grondecrin l'assoiffé de sang
3%
Orc Morg Hurle-Loup
3%
Elfe de la nuit Azsune
1%
Dragon Calcinox
1%
Naga Dame Serpenta
1%
Humain Duc Coeur-de-Lion
1%
Elfe Jennalla Vertesource
1%
Orc Mathogg
1%
Mort-Vivant Méphistroth
1%
Mort-Vivant Rage Froidiver
1%
Orc Gar'Thok
0%
Orc Jubei'Thos
0%
Humain Kassan le geolier
0%
Aucun quiz correspondant
Distribution des résultats
% des personnes avec chaque résultat
Percentile par nombre de réponses
Votre historique - résultats
Vous n’avez pas pris ce quiz